Introduction to system analysis (Record no. 7291)

000 -LEADER
fixed length control field 00582nam a2200217 a 4500
001 - CONTROL NUMBER
control field 7291
003 - CONTROL NUMBER IDENTIFIER
control field BD-DhUET
008 - FIXED-LENGTH DATA ELEMENTS--GENERAL INFORMATION
fixed length control field 840426s1985 nyua b 001 0 eng
020 ## - INTERNATIONAL STANDARD BOOK NUMBER
International Standard Book Number 0070233918
040 ## - CATALOGING SOURCE
Original cataloging agency DLC
Transcribing agency DLC
Modifying agency BD-DhUET
082 00 - DEWEY DECIMAL CLASSIFICATION NUMBER
Classification number 623.192
Item number GLI/1985
100 1# - MAIN ENTRY--PERSONAL NAME
Personal name Glisson, T. H.
245 10 - TITLE STATEMENT
Title Introduction to system analysis
Statement of responsibility, etc. by T.H. Glisson
250 ## - EDITION STATEMENT
Edition statement 1st ed.
260 ## - PUBLICATION, DISTRIBUTION, ETC. (IMPRINT)
Place of publication, distribution, etc. New York
Name of publisher, distributor, etc. McGraw-Hill
Date of publication, distribution, etc. 1985
300 ## - PHYSICAL DESCRIPTION
Extent xv, 700 p.
Other physical details ill.
Dimensions 24 cm.
504 ## - BIBLIOGRAPHY, ETC. NOTE
Bibliography, etc Includes bibliographies
650 #0 - SUBJECT ADDED ENTRY--TOPICAL TERM
Topical term or geographic name as entry element Electric network analysis
650 #0 - SUBJECT ADDED ENTRY--TOPICAL TERM
Topical term or geographic name as entry element System analysis
942 ## - ADDED ENTRY ELEMENTS (KOHA)
Koha item type General Book
Holdings
Koha full call number Sublocation or collection (holding branch) Koha date last seen Koha issues (times borrowed) Koha normalized classification for sorting Damaged status Copy number Shelving location Koha date last borrowed Piece designation (barcode) Withdrawn status Source of classification or shelving scheme Koha item type Date acquired Not for loan Price effective from Location (home branch) Lost status
623.192/GLI/1985Central Library, BUET2014-12-08 623_192000000000000_GLI_1985 1Circulation section 79816  General Book2014-12-08 2014-12-08Central Library, BUET 
623.192/GLI/1985Central Library, BUET2014-12-08 623_192000000000000_GLI_1985 2Circulation section 78540  General Book2014-12-08 2014-12-08Central Library, BUET 
623.192/GLI/1985Central Library, BUET2014-12-08 623_192000000000000_GLI_1985 3Circulation section 79819  General Book2014-12-08 2014-12-08Central Library, BUET 
623.192/GLI/1985Central Library, BUET2014-12-08 623_192000000000000_GLI_1985 4Circulation section 78527  General Book2014-12-08 2014-12-08Central Library, BUET 
623.192/GLI/1985Central Library, BUET2014-12-08 623_192000000000000_GLI_1985 5Circulation section 76889  General Book2014-12-08 2014-12-08Central Library, BUET 
623.192/GLI/1985Central Library, BUET2023-11-141623_192000000000000_GLI_1985 6Circulation section2023-11-1476888  General Book2014-12-08 2014-12-08Central Library, BUET 
623.192/GLI/1985Central Library, BUET2014-12-08 623_192000000000000_GLI_1985 7Circulation section 79820  General Book2014-12-08 2014-12-08Central Library, BUET 
623.192/GLI/1985Central Library, BUET2014-12-08 623_192000000000000_GLI_1985 8Circulation section 79818  General Book2014-12-08 2014-12-08Central Library, BUET 
623.192/GLI/1985Central Library, BUET2014-12-08 623_192000000000000_GLI_1985 9Circulation section 79817  General Book2014-12-08 2014-12-08Central Library, BUET